00000000cam 2200000zi 4500
0019.921025
003CaOODSP
00520260121154637
006m     o  d f      
007cr |||||||||||
008230316t20252025onca    obf  f000 0 eng d
020 |a9780660480602
040 |aCaOODSP|beng|erda|cCaOODSP
043 |an-cn---
0861 |aPS64-139/2025E-PDF
24500|aInvestigator's guide to National Forensic Laboratory Services.
264 1|a[Ottawa] : |bRoyal Canadian Mounted Police = Gendarmerie royale du Canada, |c[2025]
264 4|c©2025
300 |a1 online resource (55 pages) : |billustrations
336 |atext|btxt|2rdacontent
337 |acomputer|bc|2rdamedia
338 |aonline resource|bcr|2rdacarrier
500 |aTitle from cover.
500 |aIssued also in French under title: Guide de l’enquêteur sur les Services nationaux de laboratoire judiciaire.
504 |aIncludes bibliographical references.
520 |a"This guide assists police investigators with the collection, preservation, and shipping of physical evidence to the RCMP’s National Forensic Laboratory Services, which operates as a single public laboratory system with three sites located across Canada. In addition to providing investigators with general information, this guide provides examples of some common exhibit types that are submitted to the different forensic service areas at NFLS – biology (DNA), toxicology, trace, counterfeit, and firearms. There could be other types of evidence not identified in this guide"--About this guide, page 7.
650 0|aCrime laboratories|zCanada|vHandbooks, manuals, etc.
650 0|aEvidence, Criminal|zCanada.
655 7|aHandbooks and manuals|2lcgft
7102 |aRoyal Canadian Mounted Police, |eissuing body.
77508|tGuide de l’enquêteur sur les Services nationaux de laboratoire judiciaire.|w(CaOODSP)9.921026
795 |tInvestigator's guide to National Forensic Laboratory Services : |w(CaOODSP)9.867531
85640|qPDF|s5.00 MB|uhttps://publications.gc.ca/collections/collection_2026/grc-rcmp/PS64-139-2025-eng.pdf
8564 |qHTML|sN/A|uhttps://rcmp.ca/en/corporate-information/publications-and-manuals/investigators-guide-national-forensic-laboratory-services